<?xml version="1.0" encoding="UTF-8"?><?xml-stylesheet type="text/xsl" href="static/style.xsl"?><OAI-PMH xmlns="http://www.openarchives.org/OAI/2.0/" xmlns:xsi="http://www.w3.org/2001/XMLSchema-instance" xsi:schemaLocation="http://www.openarchives.org/OAI/2.0/ http://www.openarchives.org/OAI/2.0/OAI-PMH.xsd"><responseDate>2026-06-29T16:38:53Z</responseDate><request verb="GetRecord" identifier="oai:docta.ucm.es:20.500.14352/63638" metadataPrefix="marc">https://docta.ucm.es/rest/oai/request</request><GetRecord><record><header><identifier>oai:docta.ucm.es:20.500.14352/63638</identifier><datestamp>2023-07-13T02:25:48Z</datestamp><setSpec>com_20.500.14352_14</setSpec><setSpec>col_20.500.14352_22</setSpec></header><metadata><record xmlns="http://www.loc.gov/MARC21/slim" xmlns:dcterms="http://purl.org/dc/terms/" xmlns:xsi="http://www.w3.org/2001/XMLSchema-instance" xmlns:doc="http://www.lyncode.com/xoai" xsi:schemaLocation="http://www.loc.gov/MARC21/slim http://www.loc.gov/standards/marcxml/schema/MARC21slim.xsd">
   <leader>00925njm 22002777a 4500</leader>
   <datafield ind2=" " ind1=" " tag="042">
      <subfield code="a">dc</subfield>
   </datafield>
   <datafield ind2=" " ind1=" " tag="720">
      <subfield code="a">Díaz de Tudanca Muñoz, Raquel</subfield>
      <subfield code="e">author</subfield>
   </datafield>
   <datafield ind2=" " ind1=" " tag="260">
      <subfield code="c">2002</subfield>
   </datafield>
   <datafield ind2=" " ind1=" " tag="520">
      <subfield code="a">La fisura velopalatina es una de la diez malformaciones congénitas de mayor frecuencia en el recién nacido. Su importancia viene dada por la repercusión que tiene en el desarrollo del individuo tanto a nivel organcio, psicológico, pedagógico y sobre todo en el área del lenguaje, pueden presentar trastornos añadidos de caracter otológico, dental, psicológico y retrasos escolares... Los sujetos que presentan esta malformación tienen alteraciones de lenguaje oral como: golpe de glois, nalsalizacion, disfonia, ronquido faringeo, alteraciones articulatorias que producen defectos graves en la formación y por tanto en la comunicación. En la investigación que hemos realizado con cuarenta sujetos entre los tres y los diez años de edad, hemos querido valorar las características individuales de su lenguaje y la calidad de su fonación porque considerábamos como partida de dicha investigación que la intervención quirúrgica previa o alrededor de los dos años de edad y un intervención logopedica desde el mismo momento del nacimiento harían que el desarrollo del lenguaje de estos sujetos se acercase mas o de igualase a los patrones normales, evolutivos</subfield>
   </datafield>
   <datafield ind1="8" ind2=" " tag="024">
      <subfield code="a">978-84-669-0294-6</subfield>
   </datafield>
   <datafield ind1="8" ind2=" " tag="024">
      <subfield code="a">b21725585</subfield>
   </datafield>
   <datafield ind1="8" ind2=" " tag="024">
      <subfield code="a">https://hdl.handle.net/20.500.14352/63638</subfield>
   </datafield>
   <datafield ind2="0" ind1="0" tag="245">
      <subfield code="a">Fisura velopalatina con intervención quirúrgica temprana y atención logopédica precoz : ventajas para el desarrollo del lenguaje infantil</subfield>
   </datafield>
</record></metadata></record></GetRecord></OAI-PMH>